[Event "España tch Primera División - B 2013"]
[Site "Linares ESP"]
[Date "2013.08.21"]
[Round "3.13"]
[White "Lopez Gracia, Fernando"]
[Black "Cao Armillas, Jesus"]
[Result "1-0"]
[WhiteElo "2375"]
[BlackElo "2184"]
[PlyCount "97"]
[EventDate "2013.08.19"]
[EventType "team-tourn"]
[EventRounds "5"]
[EventCountry "ESP"]
[Source "lmi"]
[SourceDate "2013.08.19"]

1. d4 Nf6 2. Nc3 d5 3. Bg5 e6 4. e4 Be7 5. e5 Nfd7 6. h4 a6 7. Qg4 c5 8. Bxe7
Qxe7 9. Qxg7 Rf8 10. dxc5 Nc6 11. Nf3 Qxc5 12. O-O-O b5 13. Bd3 Bb7 14. Ng5
Ncxe5 15. Nxh7 O-O-O 16. Nxf8 Rxf8 17. h5 d4 18. Ne2 Nxd3+ 19. Rxd3 Be4 20. Rd2
e5 21. h6 Qc4 22. b3 Qb4 23. h7 Bxh7 24. Rxh7 Kb7 25. Rh8 Rxh8 26. Qxh8 f6 27.
Qd8 Nc5 28. Qe7+ Kc8 29. Qxf6 Qxd2+ 30. Kxd2 Ne4+ 31. Kd3 Nxf6 32. f4 exf4 33.
Nxf4 Kd7 34. Kxd4 Kd6 35. c4 bxc4 36. bxc4 Nd7 37. Nd3 Nf8 38. c5+ Kc7 39. g4
a5 40. a4 Ne6+ 41. Kd5 Ng5 42. Nf4 Kd7 43. c6+ Kc8 44. Ne6 Nf7 45. g5 Nh8 46.
Nf4 Nf7 47. g6 Nh6 48. g7 Ng8 49. Ke4 1-0

[Event "España tch Primera División - B 2013"]
[Site "Linares ESP"]
[Date "2013.08.21"]
[Round "3.14"]
[White "Pastor Alonso De Prado, Alberto"]
[Black "Quintin Navarro, Alberto"]
[Result "1/2-1/2"]
[WhiteElo "2113"]
[BlackElo "2241"]
[PlyCount "90"]
[EventDate "2013.08.19"]
[EventType "team-tourn"]
[EventRounds "5"]
[EventCountry "ESP"]
[Source "lmi"]
[SourceDate "2013.08.19"]

1. e4 c6 2. d4 d5 3. e5 Bf5 4. a3 e6 5. c4 Nd7 6. Nc3 Ne7 7. c5 a5 8. Be3 Nc8
9. f4 Be7 10. Nf3 Nf8 11. b4 axb4 12. axb4 Rxa1 13. Qxa1 Ng6 14. Be2 Nh4 15.
Nxh4 Bxh4+ 16. g3 Be7 17. O-O Bh3 18. Rb1 g5 19. Qa8 gxf4 20. Bxf4 O-O 21. Bd3
Qd7 22. Bh6 Re8 23. Qa2 Bf8 24. Qd2 Ne7 25. Ne2 Ng6 26. Qg5 Qd8 27. Qh5 Bg4 28.
Qxg4 Bxh6 29. h4 Kh8 30. Rf1 Rf8 31. Qh5 Be3+ 32. Kh2 Qe8 33. Rf6 Bd2 34. Nf4
Bxf4 35. gxf4 Rg8 36. Qh6 Qa8 37. Bxg6 Rxg6 38. Rxg6 fxg6 39. Kg3 Kg8 40. h5
Qa3+ 41. Kh4 Qd3 42. Qg5 Qf5 43. hxg6 hxg6 44. Qd8+ Kg7 45. Qe7+ Kg8 1/2-1/2

[Event "España tch Primera División - B 2013"]
[Site "Linares ESP"]
[Date "2013.08.21"]
[Round "3.21"]
[White "Bernal Moro, Luis Javier"]
[Black "Barbero Sendic, Alejandro"]
[Result "0-1"]
[WhiteElo "2430"]
[BlackElo "2363"]
[PlyCount "80"]
[EventDate "2013.08.19"]
[EventType "team-tourn"]
[EventRounds "5"]
[EventCountry "ESP"]
[Source "lmi"]
[SourceDate "2013.08.19"]

1. c4 g6 2. Nc3 Bg7 3. g3 e5 4. Bg2 Nf6 5. e4 Nc6 6. Nge2 O-O 7. O-O d6 8. d3
Nh5 9. Be3 Nd4 10. Kh1 f5 11. exf5 Nxf5 12. Bd2 Nf6 13. b4 c6 14. b5 Bd7 15.
Rb1 Kh8 16. bxc6 Bxc6 17. Bg5 h6 18. Bxf6 Qxf6 19. Nd5 Qf7 20. Nb4 Bxg2+ 21.
Kxg2 Qd7 22. Nd5 Rf7 23. Nec3 Nd4 24. Ne2 Ne6 25. f4 Raf8 26. Qd2 g5 27. fxe5
dxe5 28. Qe3 Nf4+ 29. gxf4 exf4 30. Nexf4 gxf4 31. Qf3 Qf5 32. Kh1 Bd4 33. Rbe1
Bc5 34. Re4 Bd6 35. Re2 Rg7 36. Rg1 Rxg1+ 37. Kxg1 Qg5+ 38. Rg2 Bc5+ 39. Kh1
Qe5 40. h4 Qe1+ 0-1

[Event "España tch Primera División - B 2013"]
[Site "Linares ESP"]
[Date "2013.08.21"]
[Round "3.22"]
[White "Trepat Herranz, Joan"]
[Black "Rodriguez Fontecha, Marcos"]
[Result "1/2-1/2"]
[WhiteElo "2315"]
[BlackElo "2317"]
[PlyCount "82"]
[EventDate "2013.08.19"]
[EventType "team-tourn"]
[EventRounds "5"]
[EventCountry "ESP"]
[Source "lmi"]
[SourceDate "2013.08.19"]

1. e4 e6 2. d4 d5 3. Nd2 c5 4. exd5 Qxd5 5. Ngf3 cxd4 6. Bc4 Qd6 7. O-O Nf6 8.
Nb3 Nc6 9. Nbxd4 Nxd4 10. Nxd4 a6 11. Re1 Qc7 12. Bd3 Bd7 13. Qf3 O-O-O 14. Bf4
Bd6 15. Bxd6 Qxd6 16. c3 Qc7 17. h3 Rhe8 18. Rad1 Kb8 19. Bc2 e5 20. Nf5 Bc6
21. Qe2 Nd5 22. Qc4 g6 23. Ne3 Nf4 24. Be4 Bxe4 25. Qxe4 f5 26. Qa4 e4 27. c4
Qc6 28. Qb3 Rd3 29. Qc2 Red8 30. b4 Qb6 31. c5 Qb5 32. a4 Rxd1 33. axb5 Rxe1+
34. Kh2 axb5 35. Qc3 Rxe3 36. Qe5+ Kc8 37. fxe3 Nd5 38. Qe6+ Kc7 39. Qe5+ Kc8
40. Qe6+ Kc7 41. Qe5+ Kc8 1/2-1/2

[Event "España tch Primera División - B 2013"]
[Site "Linares ESP"]
[Date "2013.08.21"]
[Round "3.23"]
[White "Martin Fuentes, Alberto"]
[Black "Coll Ortega, Jordi"]
[Result "1/2-1/2"]
[WhiteElo "2320"]
[BlackElo "2307"]
[PlyCount "97"]
[EventDate "2013.08.19"]
[EventType "team-tourn"]
[EventRounds "5"]
[EventCountry "ESP"]
[Source "lmi"]
[SourceDate "2013.08.19"]

1. e4 c5 2. d3 e6 3. g3 d5 4. Nd2 Nf6 5. Bg2 Nc6 6. Ne2 g6 7. O-O Bg7 8. Nb3 b6
9. Bg5 dxe4 10. dxe4 Qc7 11. Nc3 Ba6 12. Re1 O-O 13. Bf4 Ne5 14. a4 Nh5 15. Qc1
Nxf4 16. Qxf4 Qe7 17. Rad1 g5 18. Qc1 h5 19. f3 h4 20. Nd2 Qf6 21. Nb5 Bxb5 22.
axb5 Rad8 23. Rf1 Ng6 24. Nc4 Rd4 25. b3 Rfd8 26. Ne3 hxg3 27. hxg3 Qe5 28. Kf2
f5 29. c3 Rd3 30. Nc4 Qxc3 31. Qxc3 Bxc3 32. Rxd3 Rxd3 33. exf5 exf5 34. Ke2
Rd8 35. Bh3 f4 36. Bf5 Ne5 37. gxf4 gxf4 38. Rg1+ Kf8 39. Bh7 Kf7 40. Nxe5+
Bxe5 41. Rd1 Bd4 42. Be4 Rh8 43. b4 Rh2+ 44. Kd3 Rb2 45. bxc5 bxc5 46. Bc6 Rb4
47. Rc1 Kf6 48. Rc4 Ke5 49. Rxb4 1/2-1/2

[Event "España tch Primera División - B 2013"]
[Site "Linares ESP"]
[Date "2013.08.21"]
[Round "3.24"]
[White "Rodriguez Melgar, Josep M."]
[Black "Perez Lopez, Jesus Maria"]
[Result "0-1"]
[WhiteElo "2190"]
[BlackElo "2278"]
[PlyCount "84"]
[EventDate "2013.08.19"]
[EventType "team-tourn"]
[EventRounds "5"]
[EventCountry "ESP"]
[Source "lmi"]
[SourceDate "2013.08.19"]

1. e4 e6 2. d4 d5 3. Nc3 Bb4 4. exd5 exd5 5. Bd3 Nf6 6. Nf3 Bg4 7. Qe2+ Be7 8.
h3 Bxf3 9. Qxf3 Nc6 10. Ne2 Nb4 11. Bb5+ c6 12. Ba4 Qa5 13. Nc3 O-O 14. a3 Na6
15. O-O Nc7 16. b4 Qb6 17. Be3 a5 18. b5 cxb5 19. Nxb5 Nxb5 20. Rfb1 Nxd4 21.
Qd1 Qc7 22. Bxd4 Ne4 23. Bb6 Qe5 24. Bd4 Qc7 25. Bb6 Qf4 26. Rb3 Bf6 27. Rf3
Qe5 28. Rxf6 Qxf6 29. Bd4 Qf5 30. c3 Rac8 31. Bc2 Qf4 32. Qd3 Qd2 33. Qxd2 Nxd2
34. f3 Nc4 35. a4 Rfe8 36. Kf2 Re7 37. Rb1 Na3 38. Bf5 Nxb1 39. Bxc8 Nxc3 40.
Bxc3 Rc7 41. Bxb7 Rxb7 42. Bxa5 Ra7 0-1

[Event "España tch Primera División - B 2013"]
[Site "Linares ESP"]
[Date "2013.08.21"]
[Round "3.31"]
[White "Garcia Castro, Pablo"]
[Black "Andres Gonzalez, Ivan"]
[Result "1/2-1/2"]
[WhiteElo "2370"]
[BlackElo "2311"]
[PlyCount "60"]
[EventDate "2013.08.19"]
[EventType "team-tourn"]
[EventRounds "5"]
[EventCountry "ESP"]
[Source "lmi"]
[SourceDate "2013.08.19"]

1. Nf3 Nf6 2. g3 d5 3. Bg2 c6 4. d3 Bf5 5. Nbd2 e6 6. O-O Bc5 7. Qe1 h6 8. e4
dxe4 9. dxe4 Bh7 10. Ne5 Nbd7 11. Nd3 Be7 12. Qe2 O-O 13. a4 a5 14. b3 Nc5 15.
Nxc5 Bxc5 16. Bb2 Bd4 17. c3 Bc5 18. Nc4 Qc7 19. Rfd1 Rfd8 20. Bf3 e5 21. h4
Bg6 22. h5 Bh7 23. Kh2 Kh8 24. Kg2 Kg8 25. Kh2 Kh8 26. Kg2 Kg8 27. Kh2 Kh8 28.
Kg2 Kg8 29. Kh2 Kh8 30. Kg2 Kg8 1/2-1/2

[Event "España tch Primera División - B 2013"]
[Site "Linares ESP"]
[Date "2013.08.21"]
[Round "3.32"]
[White "Recuero Guerra, Javier"]
[Black "Guerra Bastida, Diego"]
[Result "1/2-1/2"]
[WhiteElo "2228"]
[BlackElo "2367"]
[PlyCount "85"]
[EventDate "2013.08.19"]
[EventType "team-tourn"]
[EventRounds "5"]
[EventCountry "ESP"]
[Source "lmi"]
[SourceDate "2013.08.19"]

1. e4 d6 2. d4 g6 3. Nc3 Bg7 4. Nf3 Nf6 5. h3 a6 6. Bd3 O-O 7. O-O Nc6 8. Be3
Nd7 9. Re1 b5 10. a4 b4 11. Ne2 e5 12. c3 bxc3 13. bxc3 exd4 14. cxd4 Nb4 15.
a5 c5 16. Bc4 Bb7 17. Nc3 Nc6 18. Bg5 Qc8 19. Nd5 cxd4 20. Be7 Re8 21. Bxd6
Nxa5 22. Ba2 Nc6 23. Nc7 Nde5 24. Nxe8 Qxe8 25. Bd5 Qd7 26. Rb1 Qxd6 27. Rxb7
Rf8 28. Rb6 Qc5 29. Nxe5 Nxe5 30. Qb3 a5 31. Rb8 d3 32. Kf1 g5 33. Rxf8+ Bxf8
34. Qb2 Bd6 35. Rc1 Qb4 36. Qxb4 Bxb4 37. g3 d2 38. Rb1 Nd3 39. Ke2 Nc1+ 40.
Kd1 Nd3 41. Ke2 Nc1+ 42. Kd1 Nd3 43. Ke2 1/2-1/2

[Event "España tch Primera División - B 2013"]
[Site "Linares ESP"]
[Date "2013.08.21"]
[Round "3.33"]
[White "Senlle Caride, Miguel"]
[Black "Alonso Alvarez, Aitor"]
[Result "1-0"]
[WhiteElo "2303"]
[BlackElo "2221"]
[PlyCount "51"]
[EventDate "2013.08.19"]
[EventType "team-tourn"]
[EventRounds "5"]
[EventCountry "ESP"]
[Source "lmi"]
[SourceDate "2013.08.19"]

1. e4 c5 2. Nf3 d6 3. d4 cxd4 4. Nxd4 Nf6 5. Nc3 g6 6. h3 Bg7 7. g4 O-O 8. Bg2
Nc6 9. Be3 Bd7 10. f4 Qb6 11. Qd2 Nxe4 12. Nxc6 Nxd2 13. Nxe7+ Kh8 14. Bxb6 Nc4
15. Bf2 Bxc3+ 16. bxc3 Rae8 17. Bd4+ f6 18. O-O Rxe7 19. g5 Bc6 20. Bxc6 bxc6
21. Bxf6+ Rxf6 22. gxf6 Rf7 23. Rae1 Rxf6 24. Re7 Nd2 25. Rd1 Nf3+ 26. Kh1 1-0

[Event "España tch Primera División - B 2013"]
[Site "Linares ESP"]
[Date "2013.08.21"]
[Round "3.34"]
[White "Suarez Garcia, Ivan"]
[Black "Rodriguez Lopez, Rafael"]
[Result "0-1"]
[WhiteElo "1930"]
[BlackElo "2265"]
[PlyCount "68"]
[EventDate "2013.08.19"]
[EventType "team-tourn"]
[EventRounds "5"]
[EventCountry "ESP"]
[Source "lmi"]
[SourceDate "2013.08.19"]

1. d4 Nf6 2. c4 e6 3. Nc3 Bb4 4. a3 Bxc3+ 5. bxc3 c5 6. f3 d5 7. e3 O-O 8. cxd5
Nxd5 9. Qc2 Nc6 10. Bd3 f5 11. Nh3 Qh4+ 12. Nf2 cxd4 13. exd4 Bd7 14. O-O Rac8
15. Qb2 Na5 16. Bd2 b6 17. Nd1 Ba4 18. Bb5 Bxb5 19. Qxb5 Nc4 20. Be1 Qf6 21. f4
Rfd8 22. Ra2 Qe7 23. a4 Qd6 24. g3 Rc6 25. Rf3 Rdc8 26. Re2 Qd7 27. Nf2 Qb7 28.
Kg2 Nde3+ 29. Rexe3 Nxe3+ 30. Rxe3 Rc5+ 31. Kf1 Rxb5 32. axb5 Qd5 33. Re5 Qc4+
34. Kg1 Ra8 0-1

[Event "España tch Primera División - B 2013"]
[Site "Linares ESP"]
[Date "2013.08.22"]
[Round "4.11"]
[White "Vazquez Igarza, Renier"]
[Black "Andres Gonzalez, Ivan"]
[Result "1-0"]
[WhiteElo "2580"]
[BlackElo "2311"]
[PlyCount "99"]
[EventDate "2013.08.19"]
[EventType "team-tourn"]
[EventRounds "5"]
[EventCountry "ESP"]
[Source "lmi"]
[SourceDate "2013.08.19"]

1. Nf3 Nf6 2. c4 c6 3. d4 d5 4. Nc3 e6 5. Bg5 Nbd7 6. cxd5 exd5 7. e3 Be7 8.
Qc2 O-O 9. Bd3 Re8 10. h3 Nf8 11. O-O g6 12. Rab1 a5 13. a3 Ne6 14. Bh4 Ng7 15.
b4 axb4 16. axb4 Bf5 17. Bxf5 Nxf5 18. Bxf6 Bxf6 19. b5 Ra3 20. Rb3 Qa5 21.
Rxa3 Qxa3 22. Nb1 Qa8 23. Nbd2 Nd6 24. bxc6 bxc6 25. Nb3 Qa4 26. Nfd2 Rc8 27.
Rc1 Qb5 28. Nc5 Qe2 29. Nd3 Kg7 30. Nf4 Qa6 31. g3 Bg5 32. Nd3 Bf6 33. Kg2 Nf5
34. Nf3 Nd6 35. Nde5 Bxe5 36. Nxe5 f6 37. Nd7 Nc4 38. Nc5 Qa7 39. e4 Rb8 40.
exd5 cxd5 41. Re1 Rb2 42. Qd1 Qa5 43. Re7+ Kh6 44. Qf3 Qd2 45. Nd3 Ra2 46. Qxf6
Ne3+ 47. Rxe3 Qxe3 48. Ne5 Qe4+ 49. Kh2 Ra7 50. Ng4+ 1-0

[Event "España tch Primera División - B 2013"]
[Site "Linares ESP"]
[Date "2013.08.22"]
[Round "4.12"]
[White "Recuero Guerra, Javier"]
[Black "Moreno Ruiz, Javier"]
[Result "0-1"]
[WhiteElo "2228"]
[BlackElo "2471"]
[PlyCount "154"]
[EventDate "2013.08.19"]
[EventType "team-tourn"]
[EventRounds "5"]
[EventCountry "ESP"]
[Source "lmi"]
[SourceDate "2013.08.19"]

1. Nf3 c5 2. c4 g6 3. g3 Bg7 4. Bg2 Nc6 5. Nc3 d6 6. O-O Bf5 7. e4 Bg4 8. h3
Bxf3 9. Bxf3 e6 10. d3 Nge7 11. Be3 O-O 12. Qd2 Nd4 13. Bg2 Nec6 14. Kh1 a6 15.
Bh6 Rb8 16. Bxg7 Kxg7 17. f4 f6 18. f5 exf5 19. exf5 Nxf5 20. Ne4 Ne5 21. Rf2
Nd4 22. g4 f5 23. gxf5 Rxf5 24. Rxf5 Nxf5 25. Ng5 Qe7 26. Bd5 Nd4 27. Rf1 Rf8
28. Rxf8 Qxf8 29. Qg2 Qe7 30. Qg3 h6 31. Ne4 Nf5 32. Qe1 b6 33. Qd2 Qh4 34. Kg2
g5 35. Be6 Nd4 36. Nxd6 Qh5 37. Qe3 Qe2+ 38. Qxe2 Nxe2 39. Bc8 a5 40. Kf2 Nf4
41. Ke3 Nexd3 42. b3 Kf6 43. Bg4 Nc1 44. Nc8 Nxa2 45. Nxb6 Ke5 46. Nd7+ Kd6 47.
Nf6 Nb4 48. Bd1 Nxh3 49. Ng8 h5 50. Bxh5 Nc2+ 51. Kf3 Nf4 52. Be8 Nd4+ 53. Kg4
Nfe6 54. Ba4 Ke5 55. Ne7 Ke4 56. Nc8 Ke5 57. Kg3 Nf4 58. Kg4 Nde6 59. Ne7 Nd4
60. Kxg5 Nd3 61. Nd5 Nc1 62. Nc3 Ndxb3 63. Bb5 Kd4 64. Nd5 Nd2 65. Nb6 Ne2 66.
Kf5 Nc3 67. Ba6 a4 68. Nxa4 Nxa4 69. Kf4 Nxc4 70. Kf3 Nc3 71. Kf2 Nd6 72. Kf3
Ncb5 73. Ke2 c4 74. Kd2 Kc5 75. Kc2 Kb6 76. Bxb5 Kxb5 77. Kc3 Kc5 0-1

[Event "España tch Primera División - B 2013"]
[Site "Linares ESP"]
[Date "2013.08.22"]
[Round "4.13"]
[White "Cao Armillas, Jesus"]
[Black "Alonso Alvarez, Aitor"]
[Result "0-1"]
[WhiteElo "2184"]
[BlackElo "2221"]
[PlyCount "79"]
[EventDate "2013.08.19"]
[EventType "team-tourn"]
[EventRounds "5"]
[EventCountry "ESP"]
[Source "lmi"]
[SourceDate "2013.08.19"]

1. d4 Nf6 2. c4 e6 3. Nc3 Bb4 4. e3 O-O 5. Bd3 d5 6. Nf3 b6 7. O-O Bb7 8. cxd5
exd5 9. Qa4 Qe7 10. Bd2 c5 11. Ne5 a6 12. a3 b5 13. Qc2 Bxc3 14. bxc3 Nc6 15.
Nxc6 Bxc6 16. Be1 Rfe8 17. Qe2 Rac8 18. Bd2 Ne4 19. Rfe1 Qg5 20. Ra2 Re6 21.
Rc2 Rh6 22. Bc1 Qh4 23. h3 Bd7 24. Qf3 Rf6 25. Bxe4 Rxf3 26. Bxf3 Bf5 27. Rb2
Be4 28. Bxe4 Qxe4 29. Bd2 Qd3 30. Reb1 h6 31. Be1 cxd4 32. exd4 Re8 33. Ra1 Re2
34. Rb4 Qe4 35. Kf1 Rc2 36. a4 Qe2+ 37. Kg1 Ra2 38. Rab1 a5 39. c4 Qxc4 40. Ra1
0-1

[Event "España tch Primera División - B 2013"]
[Site "Linares ESP"]
[Date "2013.08.22"]
[Round "4.14"]
[White "Suarez Garcia, Ivan"]
[Black "Pastor Alonso De Prado, Alberto"]
[Result "0-1"]
[WhiteElo "1930"]
[BlackElo "2113"]
[PlyCount "70"]
[EventDate "2013.08.19"]
[EventType "team-tourn"]
[EventRounds "5"]
[EventCountry "ESP"]
[Source "lmi"]
[SourceDate "2013.08.19"]

1. d4 d5 2. c4 e6 3. Nc3 Nf6 4. cxd5 exd5 5. Bg5 c6 6. e3 Be7 7. Bd3 Nbd7 8.
Qc2 O-O 9. Nf3 Re8 10. O-O h6 11. Bh4 Ne4 12. Bxe7 Qxe7 13. Bxe4 dxe4 14. Nd2
Nf6 15. a3 Bf5 16. b4 Rad8 17. Na4 Rd5 18. Nc3 Rdd8 19. Na4 Nd5 20. Qc5 Qg5 21.
Kh1 b6 22. Qxc6 Bd7 23. Qc2 Bb5 24. Rfc1 Qh4 25. Kg1 Re6 26. Nc3 Bd3 27. Qa4
Nxc3 28. Rxc3 Rd5 29. Nf1 Bxf1 30. Rxf1 Rg5 31. Rc6 Qh3 32. g3 Rh5 33. Rfc1
Qxh2+ 34. Kf1 Qh1+ 35. Ke2 Qf3+ 0-1

[Event "España tch Primera División - B 2013"]
[Site "Linares ESP"]
[Date "2013.08.22"]
[Round "4.21"]
[White "Barbero Sendic, Alejandro"]
[Black "Garcia Castro, Pablo"]
[Result "1-0"]
[WhiteElo "2363"]
[BlackElo "2370"]
[PlyCount "65"]
[EventDate "2013.08.19"]
[EventType "team-tourn"]
[EventRounds "5"]
[EventCountry "ESP"]
[Source "lmi"]
[SourceDate "2013.08.19"]

1. e4 e5 2. Nf3 d6 3. d4 exd4 4. Nxd4 Nf6 5. Nc3 Be7 6. Bf4 O-O 7. Qd2 a6 8.
O-O-O b5 9. f3 c5 10. Nf5 Bxf5 11. exf5 Nc6 12. g4 Nd4 13. Bg2 b4 14. Ne2 Nd5
15. Nxd4 cxd4 16. Kb1 Nc3+ 17. Ka1 Nxd1 18. Rxd1 Bf6 19. Bg3 Rc8 20. f4 Bh4 21.
g5 Bxg3 22. hxg3 Qa5 23. Be4 Rfe8 24. Bd3 Re3 25. f6 g6 26. Kb1 Qd5 27. Bxa6
Rce8 28. Qxb4 Qf3 29. Rc1 Qxg3 30. Bb5 Rf8 31. Qxd4 Rf3 32. Qxd6 Rxf4 33. Rd1
1-0

[Event "España tch Primera División - B 2013"]
[Site "Linares ESP"]
[Date "2013.08.22"]
[Round "4.22"]
[White "Guerra Bastida, Diego"]
[Black "Trepat Herranz, Joan"]
[Result "1/2-1/2"]
[WhiteElo "2367"]
[BlackElo "2315"]
[PlyCount "65"]
[EventDate "2013.08.19"]
[EventType "team-tourn"]
[EventRounds "5"]
[EventCountry "ESP"]
[Source "lmi"]
[SourceDate "2013.08.19"]

1. e4 e5 2. Nf3 Nc6 3. Nc3 Nf6 4. d4 exd4 5. Nxd4 Bb4 6. Nxc6 bxc6 7. Bd3 d5 8.
exd5 cxd5 9. O-O O-O 10. h3 c6 11. Qf3 Bd6 12. Bg5 Rb8 13. Nd1 Qe7 14. Bxf6
Qxf6 15. Qxf6 gxf6 16. Rb1 Be6 17. Ne3 Rfe8 18. b3 c5 19. c4 d4 20. Ng4 Bxg4
21. hxg4 Re5 22. g3 Rbe8 23. Kg2 h5 24. gxh5 Rxh5 25. Rh1 Rxh1 26. Rxh1 Bc7 27.
Kf3 Ba5 28. Rh5 Bb4 29. Rd5 Kf8 30. g4 Re5 31. Rxe5 fxe5 32. Ke4 f6 33. Kf5
1/2-1/2

[Event "España tch Primera División - B 2013"]
[Site "Linares ESP"]
[Date "2013.08.22"]
[Round "4.23"]
[White "Coll Ortega, Jordi"]
[Black "Senlle Caride, Miguel"]
[Result "1/2-1/2"]
[WhiteElo "2307"]
[BlackElo "2303"]
[PlyCount "94"]
[EventDate "2013.08.19"]
[EventType "team-tourn"]
[EventRounds "5"]
[EventCountry "ESP"]
[Source "lmi"]
[SourceDate "2013.08.19"]

1. e4 e5 2. Nf3 Nc6 3. Bc4 Nf6 4. Ng5 d5 5. exd5 Na5 6. Bb5+ c6 7. dxc6 bxc6 8.
Be2 h6 9. Nh3 Bc5 10. d3 g5 11. Nc3 g4 12. Ng1 Rb8 13. g3 Qb6 14. Na4 Bxf2+ 15.
Kf1 Qd4 16. c3 Qd5 17. Nf3 gxf3 18. Bxf3 e4 19. Qe2 Bb6 20. Nxb6 Rxb6 21. b4
Ba6 22. bxa5 Bxd3 23. axb6 axb6 24. Kg2 Bxe2 25. Bxe2 h5 26. Be3 Ng4 27. Bd4
Rg8 28. Rhd1 Qg5 29. Bxb6 Ne3+ 30. Bxe3 Qxe3 31. Bxh5 Rg5 32. Re1 Qxc3 33. Be2
Re5 34. a4 f5 35. Kf1 Ra5 36. Rac1 Qh8 37. Rxc6 Qxh2 38. Bb5 Ke7 39. Re3 Ra8
40. Rb3 Rh8 41. Bc4 Qh1+ 42. Kf2 Rh2+ 43. Ke3 Qc1+ 44. Kd4 Qa1+ 45. Kc5 Rb2 46.
Rxb2 Qxb2 47. a5 Qa3+ 1/2-1/2

[Event "España tch Primera División - B 2013"]
[Site "Linares ESP"]
[Date "2013.08.22"]
[Round "4.24"]
[White "Rodriguez Lopez, Rafael"]
[Black "Rodriguez Melgar, Josep M."]
[Result "1-0"]
[WhiteElo "2265"]
[BlackElo "2190"]
[PlyCount "125"]
[EventDate "2013.08.19"]
[EventType "team-tourn"]
[EventRounds "5"]
[EventCountry "ESP"]
[Source "lmi"]
[SourceDate "2013.08.19"]

1. d4 Nf6 2. c4 e6 3. Nf3 b6 4. g3 Ba6 5. Nbd2 d5 6. Bg2 Be7 7. O-O O-O 8. b3
c5 9. cxd5 exd5 10. Bb2 Nbd7 11. Re1 Bb7 12. Rc1 Rc8 13. Qc2 Re8 14. Qb1 Bf8
15. dxc5 bxc5 16. Nh4 Nb6 17. Qa1 Nbd7 18. Rcd1 Rc7 19. Nf5 g6 20. Ne3 Bh6 21.
Nef1 Bg7 22. e3 Qa8 23. Nb1 a6 24. Nc3 Ne5 25. Nb5 axb5 26. Bxe5 Rxe5 27. Qxe5
Rc8 28. Qb2 Ne4 29. Qc2 Nc3 30. Rd2 b4 31. g4 Rd8 32. Ng3 Qc8 33. h3 Qc7 34.
Rc1 Ra8 35. Ne2 Rxa2 36. Qxa2 Nxa2 37. Rxa2 Qb6 38. Rac2 Bf8 39. Rd1 Qe6 40.
Nf4 Qa6 41. Nxd5 Kg7 42. Bf1 Qd6 43. Rcd2 Qe5 44. Bg2 h5 45. f4 Qe6 46. Kf2
hxg4 47. hxg4 Qxg4 48. Bf3 Qh4+ 49. Kg2 Be7 50. Rh1 Bxd5 51. Rxh4 Bxf3+ 52.
Kxf3 Bxh4 53. Rd7 Kf8 54. Rc7 Be7 55. Ke4 Ke8 56. Kd5 Kf8 57. Rxc5 Bxc5 58.
Kxc5 f6 59. Kxb4 g5 60. fxg5 fxg5 61. Kc3 Ke7 62. Kd3 Kd6 63. Ke4 1-0

[Event "España tch Primera División - B 2013"]
[Site "Linares ESP"]
[Date "2013.08.22"]
[Round "4.31"]
[White "Adla, Diego"]
[Black "Bernal Moro, Luis Javier"]
[Result "1/2-1/2"]
[WhiteElo "2492"]
[BlackElo "2430"]
[PlyCount "67"]
[EventDate "2013.08.19"]
[EventType "team-tourn"]
[EventRounds "5"]
[EventCountry "ESP"]
[Source "lmi"]
[SourceDate "2013.08.19"]

1. d4 Nf6 2. c4 g6 3. Nc3 Bg7 4. e4 d6 5. Nf3 O-O 6. h3 a6 7. Be2 c5 8. dxc5
dxc5 9. Qxd8 Rxd8 10. e5 Nfd7 11. Bf4 Nc6 12. O-O-O Rf8 13. Rhe1 Ndxe5 14. Nxe5
Bxe5 15. Bxe5 Nxe5 16. Nd5 Be6 17. Nxe7+ Kg7 18. b3 Rfe8 19. Nd5 Rac8 20. f4
Nc6 21. Nb6 Rc7 22. Bg4 Nd4 23. Bxe6 Rxe6 24. Rxe6 fxe6 25. Re1 Rc6 26. Nd7 b6
27. Ne5 Rd6 28. Kb2 Kf6 29. g4 Ke7 30. Kc3 Nc6 31. Nxc6+ Rxc6 32. Rd1 Rc8 33.
Re1 Rd8 34. f5 1/2-1/2

[Event "España tch Primera División - B 2013"]
[Site "Linares ESP"]
[Date "2013.08.22"]
[Round "4.32"]
[White "Rodriguez Fontecha, Marcos"]
[Black "Glavina, Pablo"]
[Result "1/2-1/2"]
[WhiteElo "2317"]
[BlackElo "2437"]
[PlyCount "77"]
[EventDate "2013.08.19"]
[EventType "team-tourn"]
[EventRounds "5"]
[EventCountry "ESP"]
[Source "lmi"]
[SourceDate "2013.08.19"]

1. d4 d6 2. Nf3 Nd7 3. g3 g6 4. Bg2 Bg7 5. O-O e5 6. dxe5 dxe5 7. e4 Ne7 8. b3
b6 9. Bb2 Bb7 10. Nc3 Nc5 11. Re1 Ne6 12. Nd5 Nxd5 13. exd5 Qxd5 14. Qxd5 Bxd5
15. Bxe5 O-O 16. Bxg7 Kxg7 17. Rad1 Rad8 18. Ng5 Bxb3 19. Rxd8 Rxd8 20. Nxf7
Kxf7 21. axb3 Rd2 22. Kf1 Kf6 23. Re2 Rd1+ 24. Re1 Rd2 25. Re2 Rd1+ 26. Re1
Rxe1+ 27. Kxe1 g5 28. Kd2 Ke5 29. Ke3 a5 30. Bc6 h6 31. Be8 Nd4 32. f4+ gxf4+
33. gxf4+ Kd5 34. c3 Nf5+ 35. Kd3 Nd6 36. Bd7 Nb7 37. Be8 Nd6 38. Bd7 Nb7 39.
Be8 1/2-1/2

[Event "España tch Primera División - B 2013"]
[Site "Linares ESP"]
[Date "2013.08.22"]
[Round "4.33"]
[White "Lopez Gracia, Fernando"]
[Black "Martin Fuentes, Alberto"]
[Result "1/2-1/2"]
[WhiteElo "2375"]
[BlackElo "2320"]
[PlyCount "69"]
[EventDate "2013.08.19"]
[EventType "team-tourn"]
[EventRounds "5"]
[EventCountry "ESP"]
[Source "lmi"]
[SourceDate "2013.08.19"]

1. d4 Nf6 2. Nc3 c5 3. d5 d6 4. e4 g6 5. Nf3 Bg7 6. Bb5+ Bd7 7. a4 O-O 8. O-O
Bg4 9. h3 Bxf3 10. Qxf3 Nbd7 11. Re1 Ne8 12. Bf4 Ne5 13. Qe3 Nc7 14. Bf1 a6 15.
Bh6 Bxh6 16. Qxh6 b5 17. f4 Nd7 18. e5 Re8 19. Rad1 Nf8 20. Ne4 f5 21. Ng5 dxe5
22. fxe5 c4 23. Rd4 Nce6 24. Nxe6 Nxe6 25. Rh4 Nf8 26. axb5 axb5 27. b3 cxb3
28. cxb3 Qxd5 29. b4 Rec8 30. Qe3 Ne6 31. Qh6 Nf8 32. Qe3 Ne6 33. Qh6 Nf8 34.
Qe3 Qd8 35. Ra1 1/2-1/2

[Event "España tch Primera División - B 2013"]
[Site "Linares ESP"]
[Date "2013.08.22"]
[Round "4.34"]
[White "Perez Lopez, Jesus Maria"]
[Black "Quintin Navarro, Alberto"]
[Result "0-1"]
[WhiteElo "2278"]
[BlackElo "2241"]
[PlyCount "104"]
[EventDate "2013.08.19"]
[EventType "team-tourn"]
[EventRounds "5"]
[EventCountry "ESP"]
[Source "lmi"]
[SourceDate "2013.08.19"]

1. d4 Nf6 2. c4 d6 3. Nc3 e5 4. Nf3 Nc6 5. Bg5 Be7 6. e3 h6 7. Bh4 O-O 8. Be2
Bf5 9. O-O exd4 10. Nxd4 Nxd4 11. Qxd4 Bd7 12. b4 c5 13. bxc5 dxc5 14. Qd3 Bc6
15. Qc2 b6 16. Rad1 Qc7 17. Bf3 Bxf3 18. gxf3 Rad8 19. Bxf6 Bxf6 20. Nd5 Qe5
21. Qe4 Qg5+ 22. Qg4 Rd6 23. Qxg5 hxg5 24. a4 Rfd8 25. Rd3 Be5 26. Rb1 Kf8 27.
Kg2 Rh6 28. h3 Rh4 29. Rc1 Rd6 30. f4 gxf4 31. exf4 Rg6+ 32. Rg3 Bxf4 33. Rxg6
fxg6 34. Rc2 Be5 35. Re2 Bf6 36. f4 g5 37. Rf2 gxf4 38. Rxf4 Rxf4 39. Nxf4 Ke7
40. Kf3 Kd6 41. Ke4 Be5 42. Nd3 Bd4 43. Kf5 a6 44. h4 b5 45. axb5 axb5 46. cxb5
c4 47. Nf4 c3 48. Ne2 c2 49. h5 Be3 50. Kg6 Bh6 51. b6 Kd7 52. Kf7 Kc8 0-1